00925nam a22002537a 450000500170000001000130001702000220003003500130005203700160006504000120008108200160009310000270010924500710013626000570020727000420026430000350030650000220034165000440036365000460040770000290045394200250048299900190050795201450052620170124110202.0 aA-904556 c00.00a0074631551 aA-904556 bCen Lib/Ret aDPLbEN a005.13bGRO aGroff, James R.936289 aLAN times guide to SQL /cby James R. Groff [and] Paul N. Weinberg aNew DelhibTata McGraw-Hill Publishing Companyc1998 a7 West Patel NagarbNew Delhie110008 axxiii, 664p. :c24cm(Hb)bill. aIncludes index  aSQL (Computer program language) 936290 aRelational databases -- Management936291 aWeinberg, Paul N.936292 2ddccENh005.13mGRO c132956d132956 04104070aLbLd2015-07-24eCen Lib/Retg0.00l0o005.13 GROpA-904556r2015-07-24 00:00:00t1v0.00w2015-07-24yENzW/d list no. 6809/10